Online
Catalog

El jardín de los siete crepúsculos / (Record no. 13870)

MARC details
000 -CABECERA
campo de control de longitud fija 01056nam a2200301 a 4500
001 - NÚMERO DE CONTROL
campo de control 000014274
005 - FECHA Y HORA DE LA ÚLTIMA TRANSACCIÓN
campo de control 20200929163542.0
008 - DATOS DE LONGITUD FIJA--INFORMACIÓN GENERAL
campo de control de longitud fija 091208s1992 sp 000 f spa d
020 ## - NÚMERO INTERNACIONAL ESTÁNDAR DEL LIBRO
Número Internacional Estándar del Libro 8433909215
040 ## - FUENTE DE LA CATALOGACIÓN
Centro catalogador/agencia de origen DO-SdBNP
Lengua de catalogación spa
Centro/agencia transcriptor BNPHU
041 17 - CÓDIGO DE LENGUA
Código de lengua del texto/banda sonora o título independiente spa
Código de lengua original cat
Fuente del código Código de idioma MARC
082 ## - NÚMERO DE LA CLASIFICACIÓN DECIMAL DEWEY
Número de clasificación 849.954
Número de documento/Ítem P181j, 1992
049 ## - FONDOS LOCALES (OCLC)
Fondos de biblioteca BNGR
100 1# - ENTRADA PRINCIPAL--NOMBRE DE PERSONA
Nombre de persona Palol, Miquel de,
Fechas asociadas al nombre 1953-
9 (RLIN) 32233
240 13 - TÍTULO UNIFORME
Título uniforme El jardí dels set crepuscles.
Lenguaje de la obra Español
245 13 - MENCIÓN DE TÍTULO
Título El jardín de los siete crepúsculos /
Mención de responsabilidad, etc. Miquel de Palol ; traducción de Celina Alegre y traducción de los poemas de Pere Rovira.
250 ## - MENCIÓN DE EDICIÓN
Mención de edición 2a ed.
260 ## - PUBLICACIÓN, DISTRIBUCIÓN, ETC.
Lugar de publicación, distribución, etc. Barcelona :
Nombre del editor, distribuidor, etc. Anagrama,
Fecha de publicación, distribución, etc. 1992.
300 ## - DESCRIPCIÓN FÍSICA
Extensión 883, [4] p.
490 1# - MENCIÓN DE SERIE
Mención de serie Narrativas hispánicas
Designación de volumen o secuencia 111
534 ## - NOTA SOBRE LA VERSIÓN ORIGINAL
Frase introductoria Título original en catalán:
Mención de título del original El jardí dels set crepuscles
Publicación, distribución, etc. del original 1988
650 #4 - PUNTO DE ACCESO ADICIONAL DE MATERIA--TÉRMINO DE MATERIA
Término de materia o nombre geográfico como elemento de entrada Novela catalana
9 (RLIN) 19902
650 #4 - PUNTO DE ACCESO ADICIONAL DE MATERIA--TÉRMINO DE MATERIA
Término de materia o nombre geográfico como elemento de entrada Literatura catalana
Subdivisión cronológica SIGLO XX
9 (RLIN) 11451
700 1# - PUNTO DE ACCESO ADICIONAL--NOMBRE DE PERSONA
Nombre de persona Alegre, Celina,
Término indicativo de función/relación tr.
9 (RLIN) 32234
700 1# - PUNTO DE ACCESO ADICIONAL--NOMBRE DE PERSONA
Nombre de persona Rovira, Pere,
Término indicativo de función/relación tr.
9 (RLIN) 17279
830 #0 - PUNTO DE ACCESO ADICIONAL DE SERIE-TÍTULO UNIFORME
Título uniforme Narrativas hispánicas ;
Designación de volumen o secuencia 111
9 (RLIN) 21236
910 ## - DATOS DE OPCIÓN DEL USUARIO (OCLC)
Datos de opción del usuario WM
Holdings
Estado de retiro Estado de pérdida Restricciones de uso No para préstamo Código de colección Localización permanente Ubicación/localización actual Ubicación en estantería Fecha de adquisición Número de inventario Total de préstamos Signatura topográfica completa Código de barras Fecha visto por última vez Precio válido a partir de Tipo de ítem Koha
    Préstamo interno   Monografías: Libros y Folletos General General Depósito 08.12.2009 LF1   849.954 P181j, 1992 14274-10 25.06.2020 25.06.2020 Préstamo interno

Powered by Koha